| 000 | 00766nam a22002057a 4500 | ||
|---|---|---|---|
| 003 | BD-DhUL | ||
| 005 | 20170516184220.0 | ||
| 008 | 170516s1969 ii ||||| |||| 00| 0 ben c | ||
| 040 |
_aBD-DhUL _cBD-DhUL |
||
| 082 |
_a891.44 _bGHR |
||
| 100 | 1 | _aগিরিশচন্দ্র ঘোষ | |
| 245 | 1 | 0 |
_aগিরিশ রচনাবলী / _cগিরিশচন্দ্র ঘোষ |
| 260 |
_aকলিকাতা : _bসাহিত্য সংসদ, _c১৯৬৯ |
||
| 300 |
_aখ. ; _c২২ সে. মি. |
||
| 650 | 0 | _aবাংলা সাহিত্য | |
| 650 | 0 | _aBangla Literature | |
| 700 | 1 | _aরায়, রথীন্দ্রনাথ | |
| 700 | 1 | _aভট্টাচার্য , দেবীপদ | |
| 942 |
_2ddc _cBK |
||
| 999 |
_c198019 _d198019 |
||